Normal view
MARC view
Entry Geographic Name
001 - CONTROL NUMBER
- control field: 18463
003 - CONTROL NUMBER IDENTIFIER
- control field: dpl
005 - DATE AND TIME OF LATEST TRANSACTION
- control field: 20100906104921.0
008 - FIXED-LENGTH DATA ELEMENTS
- fixed length control field: 100906|||a|||||| | ||| d
040 ## - CATALOGING SOURCE
- Original cataloging agency: dpl
- Transcribing agency: dpl
151 ## - HEADING--GEOGRAPHIC NAME
- Geographic name: Madras ( India)
- General subdivision: Commerce
- General subdivision: History
- Chronological subdivision: 18th century.
670 ## - SOURCE DATA FOUND
- Source citation: Work cat.: (dpl)0: Atchi Reddy, M. 18461, Trade and commerce of the English East India Company in India (Madras) /, 2006
670 ## - SOURCE DATA FOUND
- Source citation: Work cat.: (dpl)0: Atchi Reddy, M. 18461, Trade and commerce of the English East India Company in India (Madras) /, 2006
